000 00249 a2200097 4500
110 _aNATIONAL BANK
245 _aANNUAL REPORT AND FINANCIAL STATEMENTS 2009
500 _aBOX 15
650 _2ANNUAL REPORTS FOR OTHER ORGANISATIONS
942 _cPERIODICAL
999 _c2610
_d2610